Public relations
| Main Author: | |
|---|---|
| Format: | Book |
| Published: |
London :
Pitman Publishing ,
1989
|
| Subjects: |
MARC
| LEADER | 00000cam a2200000 7i4500 | ||
|---|---|---|---|
| 001 | 0000009901 | ||
| 002 | 000010783 | ||
| 005 | 20000330.0 | ||
| 020 | |a 0712117490 | ||
| 090 | 0 | 0 | |a 659.2 |b JEF |
| 100 | 1 | |a Jefkins, Frank | |
| 245 | 1 | 0 | |a Public relations |c Frank Jefkins |
| 260 | |a London : |b Pitman Publishing , |c 1989 | ||
| 300 | |a 259p. ; |c 19cm. | ||
| 650 | 0 | 0 | |a 3rd ed |
| 650 | 0 | 0 | |a Public relations |
| 999 | |a 016105 |b BUKU |c PINJAMAN |e PERPUSTAKAAN KOMUNITI PETALING JAYA | ||